| 000 | 00589nam a22002057a 4500 | ||
|---|---|---|---|
| 999 |
_c3542 _d3542 |
||
| 003 | OSt | ||
| 005 | 20191127112824.0 | ||
| 008 | 160414b xxu||||| |||| 00| 0 eng d | ||
| 020 | _a 9782825411698 | ||
| 040 | _c040a | ||
| 082 | _a305.4 WOM 1996 | ||
| 100 |
_aEdited by Aruna, Gnanadason; Musimbi, Kanyoro; Lucia, Ann McSpadden _913097 |
||
| 245 | _aWomen, Violence and Nonviolent Change | ||
| 260 |
_aUppsala; _bLife and peace institute, _c1996 |
||
| 300 |
_axiii, 146p; _c8 cm |
||
| 504 | _aIncludes index | ||
| 650 |
_aWomen _92107 |
||
| 650 |
_aViolence _97463 |
||
| 942 |
_2ddc _cSLOAN |
||